000 00410nam a2200145 a 4500
999 _c3867
_d3867
020 _a0070499179 (paperback)
020 _a9780070499171 (paperback)
082 _a004.678BUC
100 _aBuczek, Greg
245 0 0 _aAsp .Net Developer's Guide.
260 _aNew Delhi
_bTata McGraw Hill
_c2002.
650 _aASP Net
856 4 0 _uhttp://www.amazon.com/exec/obidos/ASIN/0070499179/chopaconline-20
942 _cBK